[Event "USA-ch U16"]
[Site "Manchester"]
[Date "2017.08.21"]
[Round "8"]
[White "Lu, Albert"]
[Black "Nguyen, Emily"]
[Result "1/2-1/2"]
[WhiteElo "2323"]
[BlackElo "2110"]
[PlyCount "102"]
[EventDate "2017.08.17"]
[EventType "tourn"]
[EventRounds "9"]
[EventCountry "USA"]
[SourceTitle "CBM 180 Extra"]
[Source "ChessBase"]
[SourceDate "2017.10.06"]
[SourceVersion "1"]
[SourceVersionDate "2017.10.06"]
[SourceQuality "1"]

1. d4 d5 2. c4 c6 3. cxd5 cxd5 4. Bf4 Nf6 5. e3 Nc6 6. Bd3 e6 7. Nf3 Bd6 8. Bxd6 Qxd6 9. 0-0 0-0 10. Nc3 b6 11. a3 Bb7 12. Qe2 Rac8 13. Rac1 h6 14. h3 Qe7 15. Rc2 Na5 16. Ne5 Ne4 17. Bxe4 dxe4 18. b4 Nc6 19. Nxc6 Bxc6 20. Rfc1 Qd7 21. Qa6 Ra8 22. Qe2 Rac8 23. Qg4 f5 24. Qg3 Bb7 25. Ne2 Rxc2 26. Rxc2 Rc8 27. Rxc8+ Bxc8 28. Qe5 Qd5 29. Qc7 Qd7 30. Qc4 Bb7 31. Nf4 Bd5 32. Qc2 Kf7 33. Qe2 Kg8 34. Qh5 Qf7 35. Qh4 Qc7 36. Qg3 Bb3 37. Kh2 Bc4 38. Ng6 Qxg3+ 39. Kxg3 Bb5 40. h4 Kf7 41. Ne5+ Kf6 42. f3 exf3 43. Kxf3 Ke7 44. e4 fxe4+ 45. Kxe4 Kd6 46. g4 Bf1 47. Nf7+ Ke7 48. Ne5 Bg2+ 49. Kd3 Bf1+ 50. Ke4 Bg2+ 51. Kd3 Bf1+ 1/2-1/2

[Event "USA-ch U16"]
[Site "Manchester"]
[Date "2017.08.19"]
[Round "5"]
[White "Lu, Albert"]
[Black "Huang, Andy"]
[Result "1/2-1/2"]
[WhiteElo "2323"]
[BlackElo "2178"]
[PlyCount "62"]
[EventDate "2017.08.17"]
[EventType "tourn"]
[EventRounds "9"]
[EventCountry "USA"]
[SourceTitle "CBM 180 Extra"]
[Source "ChessBase"]
[SourceDate "2017.10.06"]
[SourceVersion "1"]
[SourceVersionDate "2017.10.06"]
[SourceQuality "1"]

1. d4 d5 2. c4 dxc4 3. e3 e5 4. Bxc4 exd4 5. Nf3 Bb4+ 6. Bd2 Bxd2+ 7. Qxd2 Nc6 8. 0-0 Nf6 9. exd4 0-0 10. d5 Ne7 11. Nc3 a6 12. Rfe1 Qd6 13. Bb3 Ng6 14. h3 Bd7 15. Ng5 Bf5 16. Nf3 Rad8 17. Rad1 h6 18. Qc1 Kh8 19. Nd4 Bc8 20. Nf3 Rfe8 21. Rxe8+ Rxe8 22. Re1 Rd8 23. Ne4 Nxe4 24. Rxe4 Bd7 25. Qe1 Qf8 26. Ne5 Nxe5 27. Rxe5 Re8 28. Rxe8 Qxe8 29. Qc3 Qd8 30. d6 cxd6 31. Bxf7 Bc6 1/2-1/2

[Event "Southern California-ch 29th"]
[Site "Whittier"]
[Date "2017.07.09"]
[Round "6"]
[White "Lu, Albert"]
[Black "Bryant, John Daniel"]
[Result "1/2-1/2"]
[WhiteElo "2313"]
[BlackElo "2443"]
[PlyCount "38"]
[EventDate "2017.07.06"]
[EventType "tourn"]
[EventRounds "7"]
[EventCountry "USA"]
[EventCategory "2"]
[SourceTitle "EXT 2018"]
[Source "ChessBase"]
[SourceDate "2017.10.13"]
[SourceVersion "1"]
[SourceVersionDate "2017.10.13"]
[SourceQuality "1"]

1. Nf3 Nf6 2. g3 d5 3. Bg2 e6 4. 0-0 Be7 5. c4 0-0 6. d4 c6 7. b3 Nbd7 8. Ba3 b6 9. Bxe7 Qxe7 10. Nbd2 Bb7 11. Qc1 Rfe8 12. Qb2 Rad8 13. e3 e5 14. dxe5 Nxe5 15. Nxe5 Qxe5 16. Qxe5 Rxe5 17. Rfd1 Ree8 18. Rac1 c5 19. cxd5 Bxd5 1/2-1/2

[Event "Southern California-ch 29th"]
[Site "Whittier"]
[Date "2017.07.08"]
[Round "4"]
[White "Lu, Albert"]
[Black "Kukavica, Tony"]
[Result "1-0"]
[WhiteElo "2313"]
[BlackElo "1917"]
[PlyCount "95"]
[EventDate "2017.07.06"]
[EventType "tourn"]
[EventRounds "7"]
[EventCountry "USA"]
[EventCategory "2"]
[SourceTitle "EXT 2018"]
[Source "ChessBase"]
[SourceDate "2017.10.13"]
[SourceVersion "1"]
[SourceVersionDate "2017.10.13"]
[SourceQuality "1"]

1. d4 Nf6 2. c4 g6 3. Nc3 d5 4. Bg5 Ne4 5. Bh4 Nxc3 6. bxc3 dxc4 7. e3 Be6 8. Nf3 Nd7 9. Be2 Bg7 10. 0-0 Nb6 11. a4 a5 12. Qc1 0-0 13. Qa3 Re8 14. Rfb1 Bf5 15. Rb2 Qd6 16. Bg3 Qc6 17. Rb5 Rec8 18. Nd2 e5 19. Bxe5 Bxe5 20. Rxe5 Qd6 21. Nxc4 Qxa3 22. Rxa3 Nxc4 23. Bxc4 Re8 24. Rxe8+ Rxe8 25. Rb3 b6 26. Bb5 Rd8 27. f3 Be6 28. Rb2 Kf8 29. e4 Ke7 30. Kf2 Kd6 31. Ke3 Ra8 32. d5 Bc8 33. Bc6 Rb8 34. Kd4 Bd7 35. e5+ Ke7 36. Bxd7 Kxd7 37. c4 c6 38. f4 Rb7 39. g4 Rb8 40. f5 Rb7 41. e6+ fxe6 42. dxe6+ Kd6 43. Ke4 g5 44. Rd2+ Ke7 45. Ke5 b5 46. f6+ Ke8 47. f7+ Ke7 48. Rd7+ 1-0

[Event "Southern California-ch 29th"]
[Site "Whittier"]
[Date "2017.07.06"]
[Round "1"]
[White "Kiewra, Keaton F"]
[Black "Lu, Albert"]
[Result "1-0"]
[WhiteElo "2429"]
[BlackElo "2313"]
[PlyCount "65"]
[EventDate "2017.07.06"]
[EventType "tourn"]
[EventRounds "7"]
[EventCountry "USA"]
[EventCategory "2"]
[SourceTitle "EXT 2018"]
[Source "ChessBase"]
[SourceDate "2017.10.13"]
[SourceVersion "1"]
[SourceVersionDate "2017.10.13"]
[SourceQuality "1"]

1. d4 d5 2. Bf4 Nf6 3. e3 c5 4. c3 Qb6 5. Qb3 c4 6. Qc2 g6 7. b3 Bf5 8. Qd1 cxb3 9. axb3 Nbd7 10. Nd2 Rc8 11. c4 e5 12. dxe5 Ne4 13. Nxe4 dxe4 14. f3 Nc5 15. g4 Rd8 16. Qb1 Ne6 17. gxf5 Nxf4 18. Qxe4 Qxb3 19. Rb1 Qa2 20. Be2 gxf5 21. Qxb7 Ne6 22. Qc6+ Rd7 23. Rb8+ Ke7 24. Kf2 Bg7 25. Rb7 Rhd8 26. f4 a5 27. Nf3 Rxb7 28. Qxb7+ Rd7 29. Qb6 f6 30. Rg1 fxe5 31. fxe5 Bh6 32. Rg8 f4 33. Re8+ 1-0

[Event "North American op 26th"]
[Site "Las Vegas"]
[Date "2016.12.27"]
[Round "3"]
[White "Izoria, Zviad"]
[Black "Lu, Albert"]
[Result "1-0"]
[WhiteElo "2604"]
[BlackElo "2276"]
[PlyCount "55"]
[EventDate "2016.12.26"]
[EventType "swiss"]
[EventRounds "9"]
[EventCountry "USA"]
[SourceTitle "CBM 176 Extra"]
[Source "ChessBase"]
[SourceDate "2017.03.02"]
[SourceVersion "1"]
[SourceVersionDate "2017.03.02"]
[SourceQuality "1"]

1. c4 e6 2. Nf3 Nf6 3. g3 d5 4. d4 Be7 5. Bg2 0-0 6. Qc2 a6 7. Nbd2 dxc4 8. Nxc4 c5 9. dxc5 Bxc5 10. 0-0 Nbd7 11. Bd2 b5 12. Na5 Qe8 13. Rac1 Ra7 14. b4 Bb6 15. Nc6 Ra8 16. Bf4 Bb7 17. Bd6 Nd5 18. Ng5 g6 19. Bxf8 Qxf8 20. Bxd5 exd5 21. Na5 Rc8 22. Qd2 Bxa5 23. Rxc8 Qxc8 24. bxa5 Ne5 25. Qf4 Qe8 26. Qe3 h6 27. Nf3 Nxf3+ 28. exf3 1-0

[Event "North American op 26th"]
[Site "Las Vegas"]
[Date "2016.12.27"]
[Round "4"]
[White "Shmeliov, Denis"]
[Black "Lu, Albert"]
[Result "1/2-1/2"]
[WhiteElo "2416"]
[BlackElo "2276"]
[PlyCount "81"]
[EventDate "2016.12.26"]
[EventType "swiss"]
[EventRounds "9"]
[EventCountry "USA"]
[SourceTitle "CBM 176 Extra"]
[Source "ChessBase"]
[SourceDate "2017.03.02"]
[SourceVersion "1"]
[SourceVersionDate "2017.03.02"]
[SourceQuality "1"]

1. d4 d5 2. c4 e6 3. Nc3 Be7 4. cxd5 exd5 5. Bf4 Nf6 6. e3 0-0 7. Bd3 c5 8. dxc5 Bxc5 9. Nge2 Nc6 10. 0-0 d4 11. exd4 Nxd4 12. Nxd4 Bxd4 13. Nb5 Bb6 14. Rc1 Bg4 15. Qb3 Be6 16. Qa3 Nd5 17. Bg3 h5 18. Be4 h4 19. Bd6 Re8 20. Rcd1 Qg5 21. Nd4 Nf4 22. Nxe6 Rxe6 23. Bxb7 Ne2+ 24. Kh1 Rd8 25. h3 Qb5 26. Ba6 Qc6 27. Qf3 Qxf3 28. gxf3 Rexd6 29. Bxe2 Rd2 30. Rxd2 Rxd2 31. Bc4 Bxf2 32. Bb3 Bb6 33. Rc1 Kf8 34. Rc2 Rd1+ 35. Kh2 Rf1 36. Bd5 Ke7 37. Re2+ Kf6 38. b4 Rb1 39. Bb3 g6 40. Rd2 Rf1 41. Rd7 1/2-1/2

[Event "American op 50th"]
[Site "Orange"]
[Date "2014.11.29"]
[Round "5"]
[White "Lu, Albert"]
[Black "Yankovsky, Roman"]
[Result "0-1"]
[WhiteElo "2219"]
[BlackElo "2436"]
[PlyCount "90"]
[EventDate "2014.11.27"]
[EventType "swiss"]
[EventRounds "8"]
[EventCountry "USA"]
[SourceTitle "CBM 163 Extra"]
[Source "ChessBase"]
[SourceDate "2014.12.23"]
[SourceVersion "1"]
[SourceVersionDate "2014.12.23"]
[SourceQuality "1"]

1. d4 Nf6 2. c4 b6 3. Nc3 Bb7 4. Nf3 d5 5. e3 e6 6. cxd5 Nxd5 7. Bd3 Nxc3 8. bxc3 Be7 9. 0-0 0-0 10. e4 c5 11. Be3 cxd4 12. cxd4 Nc6 13. Rc1 Rc8 14. Qa4 a6 15. d5 Nb4 16. Rxc8 Qxc8 17. Rc1 Qd8 18. Bb1 exd5 19. e5 d4 20. Nxd4 Bc5 21. Rd1 Qh4 22. Qd7 Bc8 23. Nf3 Bxd7 24. Nxh4 Bg4 25. Bxc5 Bxd1 26. Bxf8 Kxf8 27. Nf5 Bc2 28. Bxc2 Nxc2 29. f4 b5 30. Kf2 Nb4 31. Ke3 Nxa2 32. Kd4 a5 33. Kc5 b4 34. Nd4 a4 35. Nc2 b3 36. Na3 Ke7 37. g3 Ke6 38. Kb5 b2 39. Kc4 h5 40. Kd3 Nb4+ 41. Kc3 Nd5+ 42. Kxb2 Ne3 43. Kc3 Nf1 44. Kd3 Nxh2 45. Ke4 g6 0-1

[Event "Southern California-ch"]
[Site "Arcadia"]
[Date "2014.09.20"]
[Round "6"]
[White "Lu, Albert"]
[Black "Landaw, Julian W"]
[Result "1-0"]
[WhiteElo "2154"]
[BlackElo "2362"]
[PlyCount "111"]
[EventDate "2014.09.18"]
[EventType "tourn"]
[EventRounds "7"]
[EventCountry "USA"]
[EventCategory "1"]
[SourceTitle "EXT 2018"]
[Source "ChessBase"]
[SourceDate "2017.10.13"]
[SourceVersion "1"]
[SourceVersionDate "2017.10.13"]
[SourceQuality "1"]

1. d4 Nf6 2. c4 e6 3. Nc3 Bb4 4. Qc2 0-0 5. a3 Bxc3+ 6. Qxc3 Ne4 7. Qc2 f5 8. e3 b6 9. Nh3 Bb7 10. f3 Nf6 11. Bd3 c5 12. b4 Nc6 13. b5 Ne7 14. 0-0 Rc8 15. a4 d5 16. Nf4 Qd7 17. dxc5 Rxc5 18. Ba3 Rc7 19. Qe2 g5 20. cxd5 gxf4 21. d6 Rc3 22. dxe7 Rfc8 23. Rfd1 Nd5 24. Bb2 Qxe7 25. exf4 Qc5+ 26. Qf2 Qxf2+ 27. Kxf2 Rc2+ 28. Bxc2 Rxc2+ 29. Kg3 Rxb2 30. Rab1 Rxb1 31. Rxb1 Nc3 32. Re1 Bc8 33. Kh4 Bd7 34. Kg5 Kg7 35. Rc1 h6+ 36. Kh4 Nxa4 37. Rc7 Nc5 38. Rxa7 Kf6 39. Kh5 Bxb5 40. Kxh6 Be2 41. h3 e5 42. g4 Bxf3 43. g5+ Ke6 44. g6 Bd5 45. g7 Kd6 46. fxe5+ Kxe5 47. Kg6 Ne6 48. h4 Nxg7 49. Kxg7 f4 50. h5 f3 51. h6 Be4 52. Rf7 b5 53. Rxf3 Kd5 54. Rf4 Bd3 55. Rg4 Kc5 56. Rg6 1-0

[Event "Southern California-ch"]
[Site "Arcadia"]
[Date "2014.09.19"]
[Round "3"]
[White "Kavutskiy, Konstantin"]
[Black "Lu, Albert"]
[Result "1-0"]
[WhiteElo "2307"]
[BlackElo "2154"]
[PlyCount "93"]
[EventDate "2014.09.18"]
[EventType "tourn"]
[EventRounds "7"]
[EventCountry "USA"]
[EventCategory "1"]
[SourceTitle "EXT 2018"]
[Source "ChessBase"]
[SourceDate "2017.10.13"]
[SourceVersion "1"]
[SourceVersionDate "2017.10.13"]
[SourceQuality "1"]

1. d4 d5 2. c4 e6 3. Nf3 Nf6 4. Nc3 Be7 5. Bf4 0-0 6. e3 c5 7. dxc5 Bxc5 8. Qc2 dxc4 9. Bxc4 a6 10. 0-0 b5 11. Ne4 bxc4 12. Nxc5 Qd5 13. Na4 Nbd7 14. Rfd1 Qb5 15. Nd4 Qh5 16. Bd6 Re8 17. Qxc4 e5 18. Ne2 Bb7 19. Ng3 Qg6 20. Qb3 Bc6 21. Rac1 Rac8 22. Nb6 Nxb6 23. Qxb6 Nd5 24. Qxa6 Qxd6 25. e4 Qe6 26. exd5 Bxd5 27. Qxe6 Bxe6 28. a3 Bb3 29. Re1 Bc2 30. f3 f5 31. Kf2 f4 32. Ne4 Bxe4 33. Rxc8 Rxc8 34. Rxe4 Rc2+ 35. Re2 Rc5 36. b4 Rc3 37. Ra2 Rb3 38. Ke2 g5 39. a4 Rxb4 40. a5 e4 41. a6 exf3+ 42. Kxf3 Rb8 43. a7 Ra8 44. Kg4 h6 45. Kh5 Kf7 46. Ra6 Kg7 47. h3 1-0

[Event "Western Pacific op"]
[Site "Los Angeles"]
[Date "2014.04.26"]
[Round "3"]
[White "Moussa, Alaa Eddine"]
[Black "Lu, Albert"]
[Result "1/2-1/2"]
[WhiteElo "2120"]
[BlackElo "2079"]
[PlyCount "64"]
[EventDate "2014.04.25"]
[EventType "swiss"]
[EventRounds "5"]
[EventCountry "USA"]
[SourceTitle "CBM 160 Extra"]
[Source "ChessBase"]
[SourceDate "2014.07.01"]
[SourceVersion "1"]
[SourceVersionDate "2014.07.01"]
[SourceQuality "1"]

1. d4 d5 2. c4 e6 3. Nc3 Be7 4. Nf3 Nf6 5. Bg5 0-0 6. e3 a6 7. Rc1 dxc4 8. Bxc4 b5 9. Be2 Bb7 10. 0-0 Nbd7 11. a4 b4 12. Nb1 c5 13. Nbd2 Ne4 14. Bxe7 Qxe7 15. Nxe4 Bxe4 16. Qd2 a5 17. Bb5 Rfd8 18. Qe2 Bxf3 19. Qxf3 cxd4 20. Rc7 Rac8 21. Rxc8 Rxc8 22. Qb7 Rd8 23. Rd1 Kf8 24. Rxd4 Nf6 25. Qb6 Ra8 26. Bc6 Qa7 27. Qb5 Rc8 28. g3 Qc7 29. Rc4 g6 30. b3 Qd8 31. Rd4 Qc7 32. Rc4 Qd8 1/2-1/2

[Event "Wch U12"]
[Site "Al Ain"]
[Date "2013.12.24"]
[Round "8"]
[White "Lu, Albert"]
[Black "Vokhidov, Shamsiddin"]
[Result "0-1"]
[WhiteElo "2062"]
[BlackElo "1943"]
[PlyCount "100"]
[EventDate "2013.12.18"]
[EventType "swiss"]
[EventRounds "11"]
[EventCountry "UAE"]
[SourceTitle "CBM 158 Extra"]
[Source "ChessBase"]
[SourceDate "2014.02.28"]
[SourceVersion "1"]
[SourceVersionDate "2014.02.28"]
[SourceQuality "1"]

1. d4 Nf6 2. c4 e6 3. Nc3 Bb4 4. Qc2 d5 5. cxd5 exd5 6. Bg5 h6 7. Bh4 c5 8. Nf3 Nc6 9. e3 cxd4 10. Nxd4 Nxd4 11. exd4 0-0 12. Be2 Qb6 13. 0-0 Bxc3 14. bxc3 Ne4 15. Bd3 Nd6 16. Rab1 Qc6 17. Rfe1 Bd7 18. Be7 Rfe8 19. Bxd6 Qxd6 20. Rxe8+ Rxe8 21. Rxb7 Re1+ 22. Bf1 Rxf1+ 23. Kxf1 Qa6+ 24. c4 Qxb7 25. c5 Qb4 26. c6 Qb5+ 27. Kg1 Qxc6 28. Qd2 Qb5 29. h3 a5 30. a3 a4 31. Kh2 Bf5 32. f3 Bg6 33. Qc3 Qc4 34. Qe3 Qb3 35. Qe7 Kh7 36. Qc5 Qc4 37. Qa7 f6 38. Kg3 Bd3 39. h4 Bf1 40. Qd7 Qc2 41. Qxd5 Qxg2+ 42. Kf4 Bd3 43. Qd7 Qd2+ 44. Kg4 h5+ 45. Kg3 Qe1+ 46. Kf4 Qxh4+ 47. Ke3 Bg6 48. Qxa4 Qe1+ 49. Kf4 Bd3 50. Qd7 Kh6 0-1

[Event "Wch U12"]
[Site "Al Ain"]
[Date "2013.12.21"]
[Round "4"]
[White "Lu, Albert"]
[Black "Raja, Harshit"]
[Result "1-0"]
[WhiteElo "2062"]
[BlackElo "1934"]
[PlyCount "54"]
[EventDate "2013.12.18"]
[EventType "swiss"]
[EventRounds "11"]
[EventCountry "UAE"]
[SourceTitle "CBM 158 Extra"]
[Source "ChessBase"]
[SourceDate "2014.02.28"]
[SourceVersion "1"]
[SourceVersionDate "2014.02.28"]
[SourceQuality "1"]

1. d4 d5 2. c4 c6 3. cxd5 cxd5 4. Nc3 Nc6 5. Bf4 Nf6 6. e3 e6 7. Nf3 Bd6 8. Bxd6 Qxd6 9. Bd3 0-0 10. 0-0 Bd7 11. Rc1 Rfc8 12. a3 Na5 13. Qe2 Nb3 14. Rc2 Qb6 15. Ne5 Be8 16. f4 Nd7 17. Nxd7 Bxd7 18. f5 g6 19. f6 Qd6 20. Qg4 Kf8 21. Qh4 Ke8 22. Qxh7 Qf8 23. Bxg6 fxg6 24. f7+ Kd8 25. Qh4+ Kc7 26. Nxd5+ Kd6 27. Qf4+ Kxd5 1-0

[Event "Memorial Day Classic"]
[Site "Ontario"]
[Date "2013.05.26"]
[Round "4"]
[White "Lu, Albert"]
[Black "Peters, Jack"]
[Result "0-1"]
[WhiteElo "2033"]
[BlackElo "2351"]
[PlyCount "70"]
[EventDate "2013.05.25"]
[EventType "swiss"]
[EventRounds "6"]
[EventCountry "USA"]
[SourceTitle "EXT 2014"]
[Source "ChessBase"]
[SourceDate "2013.11.20"]
[SourceVersion "1"]
[SourceVersionDate "2013.11.20"]
[SourceQuality "1"]

1. d4 Nf6 2. c4 e6 3. Nc3 Bb4 4. Qc2 0-0 5. Bg5 c5 6. dxc5 Na6 7. Nf3 Nxc5 8. a3 Bxc3+ 9. Qxc3 Nce4 10. Bxf6 Qxf6 11. Qxf6 Nxf6 12. e3 b6 13. Be2 a5 14. 0-0 Ba6 15. b4 Rfc8 16. b5 Bb7 17. Rfd1 Kf8 18. Rd6 Bxf3 19. Bxf3 Rab8 20. Be2 Ke7 21. Rd4 Rc5 22. Rad1 Rbc8 23. e4 R8c7 24. f3 Ne8 25. Kf2 d6 26. g3 Rh5 27. Kg2 Rd7 28. Kg1 Nf6 29. Kh1 Re5 30. Bd3 Rc5 31. Bf1 g5 32. Be2 g4 33. Kg2 gxf3+ 34. Bxf3 e5 35. R4d2 Rxc4 0-1

[Event "Los Angeles Metropolitan qual 27th"]
[Site "Los Angeles"]
[Date "2013.05.12"]
[Round "5"]
[White "Lu, Albert"]
[Black "Jain, Shaurya R"]
[Result "1-0"]
[WhiteElo "2033"]
[BlackElo "1943"]
[PlyCount "66"]
[EventDate "2013.05.10"]
[EventType "swiss"]
[EventRounds "5"]
[EventCountry "USA"]
[SourceTitle "EXT 2014"]
[Source "ChessBase"]
[SourceDate "2013.11.20"]
[SourceVersion "1"]
[SourceVersionDate "2013.11.20"]
[SourceQuality "1"]

1. e4 c5 2. Nf3 d6 3. d4 cxd4 4. Qxd4 Nc6 5. Bb5 Bd7 6. Bxc6 Bxc6 7. Nc3 Nf6 8. Bg5 e6 9. 0-0-0 Be7 10. Qd3 Qa5 11. h4 h6 12. Bxf6 Bxf6 13. Nd4 0-0 14. f4 Rfc8 15. g4 b5 16. Kb1 Bxd4 17. Qxd4 b4 18. Ne2 Qc5 19. Ng3 Ba4 20. Qxc5 dxc5 21. g5 hxg5 22. hxg5 Rd8 23. Rdg1 Rd4 24. Nh5 Rad8 25. f5 exf5 26. exf5 Bc6 27. Nf6+ Kf8 28. Rh8+ Ke7 29. Re1+ Re4 30. Rxe4+ Bxe4 31. Rxd8 gxf6 32. Rc8 fxg5 33. Rxc5 g4 1-0

[Event "Los Angeles Metropolitan qual 26th"]
[Site "Los Angeles"]
[Date "2013.03.24"]
[Round "5"]
[White "Sobel, Simone L"]
[Black "Lu, Albert"]
[Result "1/2-1/2"]
[WhiteElo "1846"]
[BlackElo "2031"]
[PlyCount "82"]
[EventDate "2013.03.22"]
[EventType "swiss"]
[EventRounds "5"]
[EventCountry "USA"]
[SourceTitle "EXT 2014"]
[Source "ChessBase"]
[SourceDate "2013.11.20"]
[SourceVersion "1"]
[SourceVersionDate "2013.11.20"]
[SourceQuality "1"]

1. d4 Nf6 2. c4 g6 3. Nc3 Bg7 4. e4 d6 5. Nf3 0-0 6. Be2 e5 7. 0-0 Nc6 8. d5 Ne7 9. Ne1 Nd7 10. Nd3 f5 11. Bd2 Nf6 12. f3 f4 13. c5 Rf7 14. Rc1 g5 15. cxd6 cxd6 16. Nb5 Ne8 17. Qc2 Ng6 18. a4 h5 19. Nf2 Bf8 20. Nxa7 Rc7 21. Ba5 b6 22. Nc6 Qf6 23. Bxb6 Rh7 24. Na7 Bd7 25. Bb5 Rxa7 26. Bxa7 Bxb5 27. axb5 Rxa7 28. b6 Rb7 29. Qc6 Rb8 30. Ra1 Qd8 31. b7 Ne7 32. Qb5 Qc7 33. Ra8 Qd8 34. Rfa1 Nc7 35. Rxb8 Qxb8 36. Qb6 Nc8 37. bxc8Q Qxb6 38. Rc1 Nb5 39. Qc6 Qe3 40. Rd1 Nd4 41. Qe8 Kg7 1/2-1/2

[Event "Metropolitan Qual 22nd"]
[Site "Los Angeles"]
[Date "2012.08.04"]
[Round "3"]
[White "Lu, Albert"]
[Black "Stevens, Lawrence"]
[Result "1/2-1/2"]
[WhiteElo "2023"]
[BlackElo "2039"]
[PlyCount "77"]
[EventDate "2012.08.03"]
[EventType "swiss"]
[EventRounds "5"]
[EventCountry "USA"]
[SourceTitle "EXT 2014"]
[Source "ChessBase"]
[SourceDate "2013.11.20"]
[SourceVersion "1"]
[SourceVersionDate "2013.11.20"]
[SourceQuality "1"]

1. d4 d5 2. c4 dxc4 3. e3 e5 4. Nf3 exd4 5. Bxc4 Bd6 6. Qb3 Qe7 7. 0-0 Nf6 8. exd4 0-0 9. Bg5 Nc6 10. Qc2 Bg4 11. Nbd2 h6 12. Bh4 g5 13. Bg3 Bxg3 14. hxg3 Rad8 15. Qg6+ Kh8 16. Qxh6+ Nh7 17. d5 Rd6 18. Qh1 Kg7 19. dxc6 Rh6 20. Nh2 Qb4 21. cxb7 Nf6 22. Rfe1 Qxd2 23. b3 Qd4 24. Kf1 Rfh8 25. f3 Bxf3 26. Qg1 Qxg1+ 27. Kxg1 Bxb7 28. Nf3 Ne4 29. Kf1 Nxg3+ 30. Kf2 Ne4+ 31. Ke3 f5 32. Nd4 Nd6 33. Kd3 Be4+ 34. Kc3 Kf6 35. g4 c5 36. Nxf5 Bxf5 37. gxf5 Nxc4 38. Kxc4 Rh4+ 39. Kxc5 1/2-1/2

[Event "Los Angeles Metropolitan qual 17th"]
[Site "Los Angeles"]
[Date "2012.02.26"]
[Round "5"]
[White "Liao, Simone"]
[Black "Lu, Albert"]
[Result "1-0"]
[WhiteElo "1844"]
[BlackElo "2037"]
[PlyCount "66"]
[EventDate "2012.02.24"]
[EventType "swiss"]
[EventRounds "5"]
[EventCountry "USA"]
[SourceTitle "EXT 2013"]
[Source "ChessBase"]
[SourceDate "2012.11.22"]
[SourceVersion "1"]
[SourceVersionDate "2012.11.22"]
[SourceQuality "1"]

1. e4 e6 2. d4 d5 3. Nc3 Nf6 4. Bg5 Be7 5. e5 Nfd7 6. h4 Nc6 7. Qd2 f6 8. exf6 Bxf6 9. Nf3 Nb6 10. Bd3 Bd7 11. 0-0-0 Qe7 12. Rde1 0-0-0 13. Kb1 h6 14. Be3 g5 15. h5 g4 16. Nh2 Qg7 17. Bg6 Nc4 18. Qd3 e5 19. Nxd5 Nxe3 20. Nxe3 g3 21. fxg3 exd4 22. Nf5 Qf8 23. Ng4 Bg5 24. Rhf1 Qc5 25. a3 Kb8 26. Qe4 a6 27. Nf2 Bxf5 28. Bxf5 Na5 29. Nd3 Qb6 30. Be6 Rhe8 31. Qg4 Be3 32. Bf7 Rf8 33. Rf5 Nc6 1-0

[Event "Martin Luther King Memorial"]
[Site "Irvine"]
[Date "2012.01.16"]
[Round "6"]
[White "Peters, Jack"]
[Black "Lu, Albert"]
[Result "1-0"]
[WhiteElo "2354"]
[BlackElo "2037"]
[PlyCount "129"]
[EventDate "2012.01.14"]
[EventType "swiss"]
[EventRounds "6"]
[EventCountry "USA"]
[SourceTitle "EXT 2013"]
[Source "ChessBase"]
[SourceDate "2012.11.22"]
[SourceVersion "1"]
[SourceVersionDate "2012.11.22"]
[SourceQuality "1"]

1. e4 e6 2. d4 d5 3. Nc3 Nf6 4. Bg5 Be7 5. e5 Nfd7 6. Bxe7 Qxe7 7. f4 a6 8. Nf3 c5 9. dxc5 Nxc5 10. Qd2 Nc6 11. 0-0-0 0-0 12. Qe3 b5 13. Bd3 Nxd3+ 14. Qxd3 b4 15. Ne2 a5 16. Ned4 Nxd4 17. Nxd4 a4 18. Rhe1 b3 19. a3 bxc2 20. Rd2 Bd7 21. Rxc2 Rab8 22. Ree2 Rb7 23. Rc3 Rfb8 24. Rec2 f6 25. Qe3 fxe5 26. Qxe5 Qf6 27. Re3 Kf7 28. Nf3 Ke7 29. Nd4 Kf7 30. g3 Rc8 31. Qh5+ Kg8 32. Rxc8+ Bxc8 33. Qe8+ Qf8 34. Qxf8+ Kxf8 35. Nxe6+ Bxe6 36. Rxe6 Rc7+ 37. Kd2 Rb7 38. Kc2 Rc7+ 39. Kd3 Rb7 40. Re2 Kf7 41. Kd4 Rb5 42. Ke5 Ke7 43. Rd2 Kf7 44. g4 Ke7 45. f5 Kf7 46. h4 Ke7 47. Rxd5 Rxb2 48. Ra5 Re2+ 49. Kf4 Rf2+ 50. Kg3 Rf1 51. Rxa4 Rg1+ 52. Kf2 Rb1 53. g5 Rb7 54. Re4+ Kf7 55. Kf3 Rb3+ 56. Re3 Rb1 57. a4 Rb4 58. Re4 Rb3+ 59. Kf4 Rh3 60. Ke5 Rf3 61. Rb4 Rf1 62. a5 Re1+ 63. Kd6 Rd1+ 64. Kc6 Ra1 65. Kb6 1-0